000 00506nam a2200169 i 4500
001 35217
003 ES-MaACL
005 20250901092419.0
007 t|
008 030212s1969 sp ||||1| spa d
245 0 3 _aLa bolsa de Madrid
_b: 1968.
260 _aMadrid :
_bBanco General del Comercio y la Industria,
_c[1969]
300 _a122p. :
_b5 gráf. pleg. ;
_c24 cm.
710 2 _aBanco General del Comercio y la Industria
_92124
852 _aES-MaACL
_jC-46733
_bR.68927
999 _c35217
_d35217